<?xml version="1.0" encoding="UTF-8"?>
<marc:record xmlns:marc="http://www.loc.gov/MARC21/slim" type="Bibliographic">
   <marc:leader>00000pam a2200000 c 4500</marc:leader>
   <marc:controlfield tag="001">972802053</marc:controlfield>
   <marc:controlfield tag="003">DE-101</marc:controlfield>
   <marc:controlfield tag="005">20171203171732.0</marc:controlfield>
   <marc:controlfield tag="007">tu</marc:controlfield>
   <marc:controlfield tag="008">041122s2005    gw ||||| |||| 00||||ger  </marc:controlfield>
   <marc:datafield ind1=" " ind2=" " tag="015">
      <marc:subfield code="a">05,A35,1963</marc:subfield>
      <marc:subfield code="z">04,N51,2708</marc:subfield>
      <marc:subfield code="2">dnb</marc:subfield>
   </marc:datafield>
   <marc:datafield ind1="7" ind2=" " tag="016">
      <marc:subfield code="2">DE-101</marc:subfield>
      <marc:subfield code="a">972802053</marc:subfield>
   </marc:datafield>
   <marc:datafield ind1=" " ind2=" " tag="020">
      <marc:subfield code="a">9783407786890</marc:subfield>
      <marc:subfield code="c">kart. : EUR 6.90</marc:subfield>
      <marc:subfield code="9">978-3-407-78689-0</marc:subfield>
   </marc:datafield>
   <marc:datafield ind1=" " ind2=" " tag="020">
      <marc:subfield code="a">3407786891</marc:subfield>
      <marc:subfield code="c">kart. : EUR 6.90</marc:subfield>
      <marc:subfield code="9">3-407-78689-1</marc:subfield>
   </marc:datafield>
   <marc:datafield ind1="3" ind2=" " tag="024">
      <marc:subfield code="a">9783407786890</marc:subfield>
   </marc:datafield>
   <marc:datafield ind1=" " ind2=" " tag="035">
      <marc:subfield code="a">(DE-599)DNB972802053</marc:subfield>
   </marc:datafield>
   <marc:datafield ind1=" " ind2=" " tag="035">
      <marc:subfield code="a">(OCoLC)76574202</marc:subfield>
   </marc:datafield>
   <marc:datafield ind1=" " ind2=" " tag="040">
      <marc:subfield code="a">1245</marc:subfield>
      <marc:subfield code="b">ger</marc:subfield>
      <marc:subfield code="c">DE-101</marc:subfield>
      <marc:subfield code="d">9999</marc:subfield>
   </marc:datafield>
   <marc:datafield ind1=" " ind2=" " tag="041">
      <marc:subfield code="a">ger</marc:subfield>
   </marc:datafield>
   <marc:datafield ind1=" " ind2=" " tag="044">
      <marc:subfield code="c">XA-DE-BW</marc:subfield>
   </marc:datafield>
   <marc:datafield ind1="7" ind2="4" tag="082">
      <marc:subfield code="a">K</marc:subfield>
      <marc:subfield code="q">DE-101</marc:subfield>
      <marc:subfield code="2">22sdnb</marc:subfield>
   </marc:datafield>
   <marc:datafield ind1=" " ind2=" " tag="090">
      <marc:subfield code="a">b</marc:subfield>
   </marc:datafield>
   <marc:datafield ind1="1" ind2=" " tag="100">
      <marc:subfield code="0">(DE-588)119290650</marc:subfield>
      <marc:subfield code="0">http://d-nb.info/gnd/119290650</marc:subfield>
      <marc:subfield code="0">(DE-101)119290650</marc:subfield>
      <marc:subfield code="a">Pressler, Mirjam</marc:subfield>
      <marc:subfield code="d">1940-</marc:subfield>
      <marc:subfield code="e">Verfasser</marc:subfield>
      <marc:subfield code="4">aut</marc:subfield>
   </marc:datafield>
   <marc:datafield ind1="0" ind2="0" tag="245">
      <marc:subfield code="a">&#x98;Die&#x9c; Zeit der schlafenden Hunde</marc:subfield>
      <marc:subfield code="b">Roman</marc:subfield>
      <marc:subfield code="c">Mirjam Pressler</marc:subfield>
   </marc:datafield>
   <marc:datafield ind1=" " ind2="1" tag="264">
      <marc:subfield code="a">Weinheim</marc:subfield>
      <marc:subfield code="a">Basel</marc:subfield>
      <marc:subfield code="b">Beltz und Gelberg </marc:subfield>
      <marc:subfield code="c">2005</marc:subfield>
   </marc:datafield>
   <marc:datafield ind1=" " ind2=" " tag="300">
      <marc:subfield code="a">269 S.</marc:subfield>
      <marc:subfield code="c">19 cm</marc:subfield>
   </marc:datafield>
   <marc:datafield ind1=" " ind2=" " tag="336">
      <marc:subfield code="a">Text</marc:subfield>
      <marc:subfield code="b">txt</marc:subfield>
      <marc:subfield code="2">rdacontent</marc:subfield>
   </marc:datafield>
   <marc:datafield ind1=" " ind2=" " tag="337">
      <marc:subfield code="a">ohne Hilfsmittel zu benutzen</marc:subfield>
      <marc:subfield code="b">n</marc:subfield>
      <marc:subfield code="2">rdamedia</marc:subfield>
   </marc:datafield>
   <marc:datafield ind1=" " ind2=" " tag="338">
      <marc:subfield code="a">Band</marc:subfield>
      <marc:subfield code="b">nc</marc:subfield>
      <marc:subfield code="2">rdacarrier</marc:subfield>
   </marc:datafield>
   <marc:datafield ind1=" " ind2=" " tag="385">
      <marc:subfield code="0">(DE-588)4028859-6</marc:subfield>
      <marc:subfield code="0">http://d-nb.info/gnd/4028859-6</marc:subfield>
      <marc:subfield code="0">(DE-101)040288595</marc:subfield>
      <marc:subfield code="a">Jugend</marc:subfield>
      <marc:subfield code="2">gnd</marc:subfield>
   </marc:datafield>
   <marc:datafield ind1="1" ind2=" " tag="490">
      <marc:subfield code="a">Gulliver</marc:subfield>
      <marc:subfield code="v">689</marc:subfield>
   </marc:datafield>
   <marc:datafield ind1=" " ind2=" " tag="520">
      <marc:subfield code="a">Ein eindrucksvoller Roman über drei Generationen einer Familie und ihren Umgang mit der eigenen Geschichte. Johannas Familie gehört das größte Modegeschäft der Stadt. Doch bei einem Besuch in Israel erfährt Johanna von dunklen Flecken in der Firmengeschichte: Ihr Großvater hat während der Nazi-Zeit von der Enteignung jüdischer Ladenbesitzer profitiert und das Geschäft - nach den Gesetzen des Dritten Reiches legal - erworben. Johanna ist verunsichert: Offenbar gründet der Wohlstand ihrer Familie auf Unrecht. Darf sie dazu schweigen? Oder soll sie schlafende Hunde wecken? "... mehr als nur die x-te Geschichte zum Thema Nazizeit. (...) Insgesamt ein Buch, das einen mitnimmt auf interessante Gedankenpfade." Saarbrücker Zeitung "Mirjam Pressler hat es mit ihrem unprätentiösen, leisen und unaufgeregten Jugendbuch vermocht, einen Entwicklungsroman zu schreiben, der auch junge Leser nicht überfordert. (...) Die Zeit der schlafenden Hunde ist ein vielschichtiges, kompliziertes Buch. Und gleichzeitig ganz einfach, denn soviel ist klar: Es gibt keine eindeutigen Antworten auf die Fragen des Lebens." Süddeutsche Zeitung "Dieser Roman sticht hervor, weil er brillant geschrieben ist und sich dem Thema äußerst differenziert nähert." Brigitte "Pressler gelingt es, ein schwieriges, aber längst fälliges Thema für die Jugendliteratur überzeugend aufzubereiten." Eselsohr "Mirjam Pressler gelingt mit ihrem Buch ein kleines Kunststück. (...) Für das dritte Reich und den Holocaust interessieren sich in Deutschland immer weniger junge Menschen - Mirjam Presslers Roman könnte das ändern." Die literarische Welt " Ein eindrucksvoller Roman über drei Generationen einer Familie und ihren Umgang mit dem Gewesenen. Prägnant, sensibel und literarisch anspruchsvoll umgesetzt, eine für Jugendliche und Erwachsene gleichermaßen geeignete Lektüre." Märkische Allgemeine " Mirjam Presslers Blick auf die Vergangenheit eines so genannten Traditionsbetriebes fordert zur differenzierten Stellungnahme heraus. So unsentimental wie mitreißend..." Der Tagesspiegel "Wie kann man heute über Fragen von Schuld und Verantwortung für Jugendliche reden, ohne mit pädagogisch erhobenem Zeigefinger zu reden? Pressler gibt die Antwort mit diesem einfühlsamen, ja zarten und sprachlich anrührenden Roman." Spiegel special "Mirjam Pressler behandelt ein ernstes Thema auf beispielhafte, anrührend-unaufdringliche und deshalb poetisch überzeugende Weise." Die Zeit "... ein sehr sensibler Roman mit einem melancholischen Unterton." Freitag, Berlin " Mirjam Pressler hat mit Die Zeit der schlafenden Hunde erneut einen leisen und doch packenden Roman geschrieben. (...) Ein anspruchsvoller, aber nie überfrachteter, ein gefühlvoller, aber nie rührseliger Roman; ein Plädoyer für das Gespräch (vor allem auch in der Familie) und für die ehrliche Auseinandersetzung mit der eigenen Geschichte." Die Glocke, Oelde "Der Leser taucht unmittelbar in die einfühlsam und spannend beschriebene Gedankenwelt eines ganz normalen Mädchens, hat Anteil am Zwiespalt zwischen Schuldgefühlen und dem Nichtwissen um das Geschehene. (..) So kann und soll 'Die Zeit der schlafenden Hunde' von Mirjam Pressler Ausgangspunkt zu einem Blick in die Familiengeschichte von jedem von uns sein!" Praxis Geschichte "Das Buch kann den Einstieg in die Geschichte der Juden und ihrer Verfolgung wesentlich erleichtern. In seiner Sensibilität ist es auch für Schulklassen zu empfehlen." Westfälische Nachrichten "Der Roman ist klar und einfühlsam geschrieben, so dass er jungen wie erwachsenen Lesern ermöglicht, einen Zugang dazu zu bekommen, wie Familienvergangenheit in der Gegenwart weiterwirkt." Nordseezeitung "Eine hervorragende Darstellung deutscher Vergangenheitsbewältigung, ideal auch für den Unterricht oder als Diskussionsgrundlage." Der kleine Bund</marc:subfield>
   </marc:datafield>
   <marc:datafield ind1=" " ind2="7" tag="648">
      <marc:subfield code="a">Geschichte 1939</marc:subfield>
      <marc:subfield code="2">gnd</marc:subfield>
   </marc:datafield>
   <marc:datafield ind1=" " ind2="7" tag="648">
      <marc:subfield code="a">Geschichte 1995</marc:subfield>
      <marc:subfield code="2">gnd</marc:subfield>
   </marc:datafield>
   <marc:datafield ind1=" " ind2="7" tag="650">
      <marc:subfield code="0">(DE-588)4059608-4</marc:subfield>
      <marc:subfield code="0">http://d-nb.info/gnd/4059608-4</marc:subfield>
      <marc:subfield code="0">(DE-101)040596087</marc:subfield>
      <marc:subfield code="a">Textileinzelhandel</marc:subfield>
      <marc:subfield code="2">gnd</marc:subfield>
   </marc:datafield>
   <marc:datafield ind1=" " ind2="7" tag="650">
      <marc:subfield code="0">(DE-588)4503339-0</marc:subfield>
      <marc:subfield code="0">http://d-nb.info/gnd/4503339-0</marc:subfield>
      <marc:subfield code="0">(DE-101)953750922</marc:subfield>
      <marc:subfield code="a">Familienbetrieb</marc:subfield>
      <marc:subfield code="2">gnd</marc:subfield>
   </marc:datafield>
   <marc:datafield ind1=" " ind2="7" tag="650">
      <marc:subfield code="0">(DE-588)4219952-9</marc:subfield>
      <marc:subfield code="0">http://d-nb.info/gnd/4219952-9</marc:subfield>
      <marc:subfield code="0">(DE-101)042199522</marc:subfield>
      <marc:subfield code="a">Arisierung</marc:subfield>
      <marc:subfield code="2">gnd</marc:subfield>
   </marc:datafield>
   <marc:datafield ind1=" " ind2="7" tag="650">
      <marc:subfield code="0">(DE-588)4492493-8</marc:subfield>
      <marc:subfield code="0">http://d-nb.info/gnd/4492493-8</marc:subfield>
      <marc:subfield code="0">(DE-101)95314402X</marc:subfield>
      <marc:subfield code="a">Deutsche Schülerin</marc:subfield>
      <marc:subfield code="2">gnd</marc:subfield>
   </marc:datafield>
   <marc:datafield ind1=" " ind2="7" tag="650">
      <marc:subfield code="0">(DE-588)4073091-8</marc:subfield>
      <marc:subfield code="0">http://d-nb.info/gnd/4073091-8</marc:subfield>
      <marc:subfield code="0">(DE-101)040730913</marc:subfield>
      <marc:subfield code="a">Judenvernichtung</marc:subfield>
      <marc:subfield code="2">gnd</marc:subfield>
   </marc:datafield>
   <marc:datafield ind1=" " ind2="7" tag="650">
      <marc:subfield code="0">(DE-588)4061672-1</marc:subfield>
      <marc:subfield code="0">http://d-nb.info/gnd/4061672-1</marc:subfield>
      <marc:subfield code="0">(DE-101)04061672X</marc:subfield>
      <marc:subfield code="a">Vergangenheitsbewältigung</marc:subfield>
      <marc:subfield code="2">gnd</marc:subfield>
   </marc:datafield>
   <marc:datafield ind1=" " ind2="7" tag="651">
      <marc:subfield code="0">(DE-588)4011882-4</marc:subfield>
      <marc:subfield code="0">http://d-nb.info/gnd/4011882-4</marc:subfield>
      <marc:subfield code="0">(DE-101)040118827</marc:subfield>
      <marc:subfield code="a">Deutschland</marc:subfield>
      <marc:subfield code="2">gnd</marc:subfield>
   </marc:datafield>
   <marc:datafield ind1=" " ind2="7" tag="651">
      <marc:subfield code="0">(DE-588)4027808-6</marc:subfield>
      <marc:subfield code="0">http://d-nb.info/gnd/4027808-6</marc:subfield>
      <marc:subfield code="0">(DE-101)040278085</marc:subfield>
      <marc:subfield code="a">Israel</marc:subfield>
      <marc:subfield code="2">gnd</marc:subfield>
   </marc:datafield>
   <marc:datafield ind1=" " ind2=" " tag="653">
      <marc:subfield code="a">(VLB-PF)BC: Paperback</marc:subfield>
   </marc:datafield>
   <marc:datafield ind1=" " ind2=" " tag="653">
      <marc:subfield code="a">(VLB-WI)2: Taschenbuch</marc:subfield>
   </marc:datafield>
   <marc:datafield ind1=" " ind2=" " tag="653">
      <marc:subfield code="a">(VLB-WG)250: Kinderbuch, Jugendbuch / Romane, Erzählungen</marc:subfield>
   </marc:datafield>
   <marc:datafield ind1=" " ind2=" " tag="653">
      <marc:subfield code="a">(Lesealter)ab 14 Jahre</marc:subfield>
   </marc:datafield>
   <marc:datafield ind1=" " ind2=" " tag="653">
      <marc:subfield code="a">(Verlag)5: Beltz &amp; Gelberg</marc:subfield>
   </marc:datafield>
   <marc:datafield ind1=" " ind2=" " tag="653">
      <marc:subfield code="a">(Produktrabattgruppe)95R03: 95 Gulliver Taschenbuch</marc:subfield>
   </marc:datafield>
   <marc:datafield ind1=" " ind2="7" tag="655">
      <marc:subfield code="0">(DE-588)4306252-0</marc:subfield>
      <marc:subfield code="0">http://d-nb.info/gnd/4306252-0</marc:subfield>
      <marc:subfield code="0">(DE-101)043062520</marc:subfield>
      <marc:subfield code="a">Jugendbuch</marc:subfield>
      <marc:subfield code="2">gnd-content</marc:subfield>
   </marc:datafield>
   <marc:datafield ind1=" " ind2="7" tag="655">
      <marc:subfield code="a">Jugendbuch</marc:subfield>
      <marc:subfield code="2">gnd</marc:subfield>
   </marc:datafield>
   <marc:datafield ind1=" " ind2="7" tag="655">
      <marc:subfield code="a">Jugendbuch</marc:subfield>
      <marc:subfield code="2">gnd</marc:subfield>
   </marc:datafield>
   <marc:datafield ind1="0" ind2="0" tag="689">
      <marc:subfield code="0">(DE-588)4011882-4</marc:subfield>
      <marc:subfield code="0">http://d-nb.info/gnd/4011882-4</marc:subfield>
      <marc:subfield code="0">(DE-101)040118827</marc:subfield>
      <marc:subfield code="D">g</marc:subfield>
      <marc:subfield code="a">Deutschland</marc:subfield>
   </marc:datafield>
   <marc:datafield ind1="0" ind2="1" tag="689">
      <marc:subfield code="0">(DE-588)4059608-4</marc:subfield>
      <marc:subfield code="0">http://d-nb.info/gnd/4059608-4</marc:subfield>
      <marc:subfield code="0">(DE-101)040596087</marc:subfield>
      <marc:subfield code="D">s</marc:subfield>
      <marc:subfield code="a">Textileinzelhandel</marc:subfield>
   </marc:datafield>
   <marc:datafield ind1="0" ind2="2" tag="689">
      <marc:subfield code="0">(DE-588)4503339-0</marc:subfield>
      <marc:subfield code="0">http://d-nb.info/gnd/4503339-0</marc:subfield>
      <marc:subfield code="0">(DE-101)953750922</marc:subfield>
      <marc:subfield code="D">s</marc:subfield>
      <marc:subfield code="a">Familienbetrieb</marc:subfield>
   </marc:datafield>
   <marc:datafield ind1="0" ind2="3" tag="689">
      <marc:subfield code="0">(DE-588)4219952-9</marc:subfield>
      <marc:subfield code="0">http://d-nb.info/gnd/4219952-9</marc:subfield>
      <marc:subfield code="0">(DE-101)042199522</marc:subfield>
      <marc:subfield code="D">s</marc:subfield>
      <marc:subfield code="a">Arisierung</marc:subfield>
   </marc:datafield>
   <marc:datafield ind1="0" ind2="4" tag="689">
      <marc:subfield code="A">z</marc:subfield>
      <marc:subfield code="a">Geschichte 1939</marc:subfield>
   </marc:datafield>
   <marc:datafield ind1="0" ind2="5" tag="689">
      <marc:subfield code="A">f</marc:subfield>
      <marc:subfield code="a">Jugendbuch</marc:subfield>
   </marc:datafield>
   <marc:datafield ind1="0" ind2=" " tag="689">
      <marc:subfield code="5">DE-101</marc:subfield>
      <marc:subfield code="5">DE-101</marc:subfield>
   </marc:datafield>
   <marc:datafield ind1="1" ind2="0" tag="689">
      <marc:subfield code="0">(DE-588)4027808-6</marc:subfield>
      <marc:subfield code="0">http://d-nb.info/gnd/4027808-6</marc:subfield>
      <marc:subfield code="0">(DE-101)040278085</marc:subfield>
      <marc:subfield code="D">g</marc:subfield>
      <marc:subfield code="a">Israel</marc:subfield>
   </marc:datafield>
   <marc:datafield ind1="1" ind2="1" tag="689">
      <marc:subfield code="0">(DE-588)4492493-8</marc:subfield>
      <marc:subfield code="0">http://d-nb.info/gnd/4492493-8</marc:subfield>
      <marc:subfield code="0">(DE-101)95314402X</marc:subfield>
      <marc:subfield code="D">s</marc:subfield>
      <marc:subfield code="a">Deutsche Schülerin</marc:subfield>
   </marc:datafield>
   <marc:datafield ind1="1" ind2="2" tag="689">
      <marc:subfield code="0">(DE-588)4073091-8</marc:subfield>
      <marc:subfield code="0">http://d-nb.info/gnd/4073091-8</marc:subfield>
      <marc:subfield code="0">(DE-101)040730913</marc:subfield>
      <marc:subfield code="D">s</marc:subfield>
      <marc:subfield code="a">Judenvernichtung</marc:subfield>
   </marc:datafield>
   <marc:datafield ind1="1" ind2="3" tag="689">
      <marc:subfield code="0">(DE-588)4061672-1</marc:subfield>
      <marc:subfield code="0">http://d-nb.info/gnd/4061672-1</marc:subfield>
      <marc:subfield code="0">(DE-101)04061672X</marc:subfield>
      <marc:subfield code="D">s</marc:subfield>
      <marc:subfield code="a">Vergangenheitsbewältigung</marc:subfield>
   </marc:datafield>
   <marc:datafield ind1="1" ind2="4" tag="689">
      <marc:subfield code="A">z</marc:subfield>
      <marc:subfield code="a">Geschichte 1995</marc:subfield>
   </marc:datafield>
   <marc:datafield ind1="1" ind2="5" tag="689">
      <marc:subfield code="A">f</marc:subfield>
      <marc:subfield code="a">Jugendbuch</marc:subfield>
   </marc:datafield>
   <marc:datafield ind1="1" ind2=" " tag="689">
      <marc:subfield code="5">DE-101</marc:subfield>
      <marc:subfield code="5">DE-101</marc:subfield>
   </marc:datafield>
   <marc:datafield ind1="0" ind2="8" tag="776">
      <marc:subfield code="i">Online-Ausg.</marc:subfield>
      <marc:subfield code="a">Pressler, Mirjam, 1940-</marc:subfield>
      <marc:subfield code="t">&#x98;Die&#x9c; Zeit der schlafenden Hunde</marc:subfield>
      <marc:subfield code="d">Weinheim : Beltz &amp; Gelberg, 2011</marc:subfield>
      <marc:subfield code="h">Online-Ressource</marc:subfield>
      <marc:subfield code="w">(DE-101)1021927384</marc:subfield>
   </marc:datafield>
   <marc:datafield ind1=" " ind2="0" tag="830">
      <marc:subfield code="a">Gulliver</marc:subfield>
      <marc:subfield code="v">689</marc:subfield>
      <marc:subfield code="w">(DE-101)026266660</marc:subfield>
      <marc:subfield code="w">(DE-600)2155496-1</marc:subfield>
      <marc:subfield code="9">3689</marc:subfield>
      <marc:subfield code="7">as</marc:subfield>
   </marc:datafield>
   <marc:datafield ind1=" " ind2=" " tag="850">
      <marc:subfield code="a">DE-101a</marc:subfield>
      <marc:subfield code="a">DE-101b</marc:subfield>
   </marc:datafield>
   <marc:datafield ind1="r" ind2=" " tag="925">
      <marc:subfield code="a">ra</marc:subfield>
   </marc:datafield>
</marc:record>
